Top 10 países con el mayor número de volcanes - Estadísticas

Estadísticas generales
  • Esta prueba ha sido intentada 4.624 veces
  • La puntuación promedio es 6 de 10
Estadísticas de respuestas
# País % Correcto
76 Estados Unidos
94%
62 Japón
86%
60 Rusia
82%
79 Indonesia
81%
45 Chile
79%
22 Filipinas
61%
27 Islandia
55%
23 Ecuador
42%
22 Papúa Nueva Guinea
37%
19 Portugal
12%
No se encontraron pruebas coincidentes
Distribución de puntuación
Porcentaje de gente con cada puntuación
Porcentaje por número respondido
Historial de tus puntuaciones
No has intentado esta prueba.